000 01154cam a2200229 4500
001 ##L132060
008 051222n2004 000 0 eng u
020 _a0860179001
035 _a(Sirsi) u132060
041 0 _aeng
050 _a627.4 $2 18
100 1 _aKellagher, R.
245 0 0 _aDrainage of development sites
_ba guide
260 _aLondon
_bCIRIA
_c2004
300 _a206p.
_bill
_c30cm.
490 0 _aCIRIA
_vX108
520 _aGuide intended to assist all those involved with the foul and surface water drainage of development sites. Specifically aimed at developments in the UK based on national requirements and international best technical practice. Advises on:- the approach needed to obtain Town and Country Planning Act consent -- current good engineering practice for design and sewerage for new sites -- the issues affecting site drainage -- on hydraulic related engineering issues -- key industry documents.
690 _aENVIRONMENTAL AND LAND CONSULTANCY-WATER RESOURCE MANAGEMENT-DRAINAGE
710 2 _aConstruction Industry Research and Information Association
_94810
710 2 _aHR Wallingford Ltd
_94843
942 _n0
999 _c104999
_d104999